| 000 | 00830nas a2200277 4500 | ||
|---|---|---|---|
| 001 | BR0904833 | ||
| 003 | BR-BrBNA | ||
| 005 | 20231205113544.0 | ||
| 007 | ta | ||
| 008 | 230509b bl.|||p| |||| 00| 00por d | ||
| 040 |
_aBR-BrBNA _bpor _cBiblioteca Nacional de Agricultura |
||
| 041 | _a(Pt) | ||
| 072 | _aH10 | ||
| 100 | 1 | _aDuarte, M. de L.R. | |
| 100 | 1 | _aAlbuquerque, F.C. | |
| 100 | 1 | _aSanhueza, R.M.V. | |
| 100 | 1 | _aVerzignassi, J.R. | |
| 100 | 1 | _aKondo, N. | |
| 245 | 1 | _aEtiologia da Podridão do coleto de Brachiaria brizantha em pastagens da Amazônia | |
| 650 | _aAMAZÔNIA | ||
| 650 | _aPASTAGENS | ||
| 650 | _aPODRIDÃO | ||
| 773 | 0 |
_tFitopatologia Brasileira (Brazil) _xISSN 0100-4158 _g(May-Jun 2007), v. 32(3) p. 261-265 _wBR0904833 |
|
| 909 |
_a202311 _bLúcia _c55 _dLúcia Elande |
||
| 942 |
_2AGRIS _n0 _cANA |
||
| 999 |
_c204411 _d204411 |
||